LEADER 02655nam 22005893u 450 001 9910778058003321 005 20221220135959.0 010 $a1-315-27346-2 010 $a1-4822-8870-2 010 $a1-282-23461-7 010 $a9786612234613 010 $a0-203-87240-1 035 $a(CKB)1000000000773519 035 $a(EBL)446616 035 $a(OCoLC)454493369 035 $a(SSID)ssj0000147532 035 $a(PQKBManifestationID)12054537 035 $a(PQKBTitleCode)TC0000147532 035 $a(PQKBWorkID)10016854 035 $a(PQKB)11003550 035 $a(MiAaPQ)EBC446616 035 $a(EXLCZ)991000000000773519 100 $a20140106d2009|||| u|| | 101 0 $aeng 135 $aur|n|---||||| 181 $ctxt$2rdacontent 182 $cc$2rdamedia 183 $acr$2rdacarrier 200 10$aEngineering noise control $etheory and practice /$fDavid A. Bies and Colin H. Hansen 205 $aFourth edition. 210 1$aHoboken :$cTaylor and Francis,$d2009. 215 $a1 online resource (768 p.) $cillustrations 300 $aDescription based upon print version of record. 311 $a0-415-48706-4 330 $aThe practice of engineering noise control demands a solid understanding of the fundamentals of acoustics, the practical application of current noise control technology and the underlying theoretical concepts. This fully revised and updated fourth edition provides a comprehensive explanation of these key areas clearly, yet without oversimplification. Written by experts in their field, the practical focus echoes advances in the discipline, reflected in the fourth edition's new material, including: completely updated coverage of sound transmission loss, mufflers and exhaust stack directivity ; a new chapter on practical numerical acoustics ; thorough explanation of the latest instruments for measurements and analysis. Essential reading for advanced students or those already well versed in the art and science of noise control, this distinctive text can be used to solve real world problems encountered by noise and vibration consultants as well as engineers and occupational hygienists. 606 $aNoise control 606 $aMachinery 606 $aMachinery$xNoise 615 0$aNoise control 615 0$aMachinery 615 0$aMachinery$xNoise 676 $a620.2/3 700 $aBies$b David A.$f1925-,$0317960 702 $aHansen$b Colin H. 801 0$bAU-PeEL 801 1$bAU-PeEL 801 2$bAU-PeEL 801 2$bSFU 906 $aBOOK 912 $a9910778058003321 996 $aEngineering noise control$9781030 997 $aUNINA LEADER 09038nam 22006975 450 001 9910483293703321 005 20200919040817.0 010 $a981-287-194-2 024 7 $a10.1007/978-981-287-194-7 035 $a(CKB)3710000000262463 035 $a(EBL)1966767 035 $a(OCoLC)894234629 035 $a(SSID)ssj0001372674 035 $a(PQKBManifestationID)11767970 035 $a(PQKBTitleCode)TC0001372674 035 $a(PQKBWorkID)11304638 035 $a(PQKB)10106276 035 $a(DE-He213)978-981-287-194-7 035 $a(MiAaPQ)EBC1966767 035 $a(PPN)182094316 035 $a(EXLCZ)993710000000262463 100 $a20141019d2015 u| 0 101 0 $aeng 135 $aur|n|---||||| 181 $ctxt 182 $cc 183 $acr 200 10$aIslamist Terrorism and Militancy in Indonesia $eThe Power of the Manichean Mindset /$fby Kumar Ramakrishna 205 $a1st ed. 2015. 210 1$aSingapore :$cSpringer Singapore :$cImprint: Springer,$d2015. 215 $a1 online resource (274 p.) 300 $aDescription based upon print version of record. 311 $a981-287-193-4 320 $aIncludes bibliographical references and index. 327 $aAcknowledgements -- Chapter 1: Is Ideology the ?Root? of Islamist Terrorism in Indonesia? -- 1.1: An Encounter with a Terrorist ? And an Epiphany -- 1.2: The Overall Argument at a Glance -- 1.3: The Three Limitations of Extant Scholarship on Islamist Militancy in Indonesia -- 1.4: Research Note -- 1.5: The Plan of the Book -- References -- Part 1: The Human Nature Triad Unpacked ? The Manichean Mindset, Embattled Religiosity and Violent Fundamentalism -- Chapter 2: The Origins of the ?Manichean Mindset? -- 2.1: Introduction -- 2.2: The Great Human Nature Debate -- 2.3: Evolutionary Psychology and our Ancestral Shadow -- 2.4: Darwin, Individual Selection and the Thorny Issue of Cooperation -- 2.5: The Rise of Human ?Groupishness? -- 2.6: Social Categorization, Group Selection and the Uncomfortable Logic of Between-Group Competition -- 2.7: Binary Oppositions, the Human Need for Control and the ?Group Tent? -- 2.8: The Manichean Mindset Deconstructed -- 2.9: Conclusion -- References -- Chapter 3: The Embattled Religiosity of Religious Fundamentalism -- 3.1: Introduction -- 3.2: The Religiosity Instinct and the Cultural Artefact of Religion -- 3.3: Religion as an Evolutionary By-Product, Part I: The Pattern-Seeking, Storytelling, Mythmaking Individual -- 3.4: Religion as an Evolutionary By-Product, Part II: The Hyper-Active Agency Detection Device -- 3.5: Religion as an Evolutionary Adaptation for the Group: Beyond Kin and Direct Reciprocity -- 3.6: Enter the Meme -- 3.7: The Manichean Mindset, Religious Fundamentalism and the Potential for Violence -- 3.8: Conclusion -- References -- Chapter 4: Six Steps Towards Violent Fundamentalism -- 4.1: Introduction -- 4.2: Violent Radicalization, Extremism or Fundamentalism: What?s in a Name? -- 4.2.1: A New Synthesis: Cognitive Radicalization as Drastic Identity Simplification -- 4.2.2: Cognitive Radicalism and Cognitive Extremism -- 4.3: A Tight Counterculture -- 4.3.1: Understanding Culture -- 4.3.2: Culture?s Evolutionary Rationale -- 4.3.3: ?Tight? Cultures -- 4.3.4: Relevant Dimensions of Culture -- 4.3.5: Tight Countercultures -- 4.4: An Enabling Ideology -- 4.5: The Protean Charismatic Group: Converging Perspectives -- 4.5.1: The Complexity Element of the Human Nature Triad -- 4.5.2: The Charismatic Group as Complex Adaptive System -- 4.6: Intragroup Psychic Dynamics -- 4.6.1: The Power of the Situation -- 4.6.2: The Impulse to Conform -- 4.6.3: De-individuation -- 4.6.4: Obedience to Authority -- 4.6.5: The Dispositionist Objection -- 4.6.6: The Echo Chamber Effect -- 4.6.7: Online Groups, Optimal Group Size, and Fuzzy Boundaries -- 4.7: The Power of Social Humiliation -- 4.8: The Enabling Environment -- 4.9: Conclusion -- References -- Part 2: The Human Nature Triad Applied - Violent Islamist Terrorism and Militancy in Indonesia: Origins, Evolution and the Counter-Ideological Response -- Chapter 5: The ?Glocalized? Origins of the Darul Islam Counterculture -- 5.1: Introduction -- 5.2: Islam: A Capsule History -- 5.2.1: The Socioecological Milieu -- 5.2.2: The Sufi Emergence -- 5.3: Islam in Southeast Asia -- 5.4: The Glocalization of Southeast Asian Islam and the Emergence of the Traditionalist-Modernist Binary Opposition -- 5.4.1: Glocalization Part I: The Traditionalists Emerge -- 5.4.2: Glocalization, Part II: Three Modernist Responses -- 5.4.2.1: The Wahhabi Tendency -- 5.4.2.2: The Salafi Tendency -- 5.4.2.3: The Islamist Tendency -- 5.5: The Emergence of Violent Islamism -- 5.5.1: Sayyid Qutb -- 5.5.2: ?Abd al-Salam Faraj -- 5.5.3: Abdullah Azzam -- 5.6: Conclusion -- References -- Chapter 6: The Darul Islam Charismatic Group and its Violent ?Mutations? -- 6.1: Introduction -- 6.2: SM Kartosoewirjo and the Origins of the Darul Islam Charismatic Group -- 6.3: Abu Bakar Ba?asyir and the Origins of the Jemaah Islamiyah Network -- 6.4: The Many Changing Faces of the Darul Islam Charismatic Group -- 6.5: The Turn to Violence -- 6.5.1: Three Recent Mutations of the Darul Islam Charismatic Group -- 6.5.1.1: Fahrul Tanjung Group in Bandung -- 6.5.1.2: Kumpulan Mujahidin Indonesia in Medan -- 6.5.1.3: Tim Ightiyalat in Klaten -- 6.6: Conclusion -- References -- Chapter 7: Muting Manichean Mindsets in Indonesia: A Counter-Ideological Response -- 7.1: Introduction -- 7.2: Terrorism and Islamist Violence in Indonesia: The Power of the Manichean Mindset -- 7.3: Muting Manichean Mindsets through a Counter-Ideological Response -- 7.3.1: Ideology: Not the Root, but the Center of Gravity -- 7.3.2: Exploiting Ideology to ?Steer? the DICG in Desired Directions -- 7.3.3: Steering the DICG via the Counter-Ideological Response Model -- 7.3.4: Sender -- 7.3.5: Message -- 7.3.6: Mechanism -- 7.3.7: Recipient -- 7.3.7.1: The Individual Militant -- 7.3.7.2: The Need for a Systematic Approach to Early Warning of the Individual Transition to Violent Cognitive Extremism -- 7.3.7.3: Cognitive Immunization of the Wider Community: The Challenges -- 7.3.7.4: The Problem with the Neo-Wahhabi Meme -- 7.3.7.5: The Need for Lived and Not Imaginary Islam ? and Religion for that Matter -- 7.3.8: Context -- 7.3.8.1: Diminishing the Opportunity to be Violent -- 7.3.8.2: Ameliorating Social Humiliation -- 7.3.8.3: Rethinking Group Tent Status -- 7.4: Three Possible Futures -- 7.4.1: Collapse -- 7.4.2: Evolution -- 7.4.3: Containment -- 7.5: From the General to the Particular ? And Back to the General. -References -- Index. 330 $aDrawing upon insights from the natural and social sciences, this book puts forth the provocative new argument that the violent Islamist threat in Indonesia today derives its stubborn resilience from being in essence a complex, adaptive and self-organizing system ? or what some specialists might even call a super-organism. The book challenges the popular assumption that ideology causes Indonesian Islamists to radicalize into violent extremism. In addition it addresses why, despite years of intense security-force pressure, seemingly disparate militant cells keep ?popping up? like the heads of the proverbial Hydra, and why in the apparent absence of a centralized coordinating body, they nevertheless appear to display an organic interconnectivity with one another. Going beyond standard ideological mantras, the book argues that fresh inter-disciplinary thinking is needed to deal with the constantly mutating violent Islamist challenge in Indonesia, and puts forward a comprehensive strategy for doing so. It will be of interest to academics and students of terrorism, religion and violence in the Southeast Asian region. 606 $aInternational relations 606 $aComparative government 606 $aAnthropology 606 $aPolitical science 606 $aInternational Relations$3https://scigraph.springernature.com/ontologies/product-market-codes/912000 606 $aComparative Politics$3https://scigraph.springernature.com/ontologies/product-market-codes/911040 606 $aAnthropology$3https://scigraph.springernature.com/ontologies/product-market-codes/X12000 606 $aPolitical Theory$3https://scigraph.springernature.com/ontologies/product-market-codes/911010 615 0$aInternational relations. 615 0$aComparative government. 615 0$aAnthropology. 615 0$aPolitical science. 615 14$aInternational Relations. 615 24$aComparative Politics. 615 24$aAnthropology. 615 24$aPolitical Theory. 676 $a300 676 $a301 676 $a320 676 $a320.01 700 $aRamakrishna$b Kumar$4aut$4http://id.loc.gov/vocabulary/relators/aut$01103099 906 $aBOOK 912 $a9910483293703321 996 $aIslamist Terrorism and Militancy in Indonesia$92854999 997 $aUNINA